<?xml version="1.0" encoding="UTF-8"?><?xml-stylesheet type="text/xsl" href="static/style.xsl"?><OAI-PMH xmlns="http://www.openarchives.org/OAI/2.0/" xmlns:xsi="http://www.w3.org/2001/XMLSchema-instance" xsi:schemaLocation="http://www.openarchives.org/OAI/2.0/ http://www.openarchives.org/OAI/2.0/OAI-PMH.xsd"><responseDate>2026-04-17T20:46:33Z</responseDate><request verb="GetRecord" identifier="oai:riubu.ubu.es:10259/10803" metadataPrefix="marc">https://riubu.ubu.es/oai/request</request><GetRecord><record><header><identifier>oai:riubu.ubu.es:10259/10803</identifier><datestamp>2025-08-22T22:01:57Z</datestamp><setSpec>com_10259_2699</setSpec><setSpec>col_10259_2703</setSpec></header><metadata><record xmlns="http://www.loc.gov/MARC21/slim" xmlns:doc="http://www.lyncode.com/xoai" xmlns:xsi="http://www.w3.org/2001/XMLSchema-instance" xmlns:dcterms="http://purl.org/dc/terms/" xsi:schemaLocation="http://www.loc.gov/MARC21/slim http://www.loc.gov/standards/marcxml/schema/MARC21slim.xsd">
<leader>00925njm 22002777a 4500</leader>
<datafield tag="042" ind1=" " ind2=" ">
<subfield code="a">dc</subfield>
</datafield>
<datafield tag="720" ind1=" " ind2=" ">
<subfield code="a">García  Rodríguez, Cesáreo Gabriel</subfield>
<subfield code="e">author</subfield>
</datafield>
<datafield tag="260" ind1=" " ind2=" ">
<subfield code="c">2024</subfield>
</datafield>
<datafield tag="520" ind1=" " ind2=" ">
<subfield code="a">El objetivo es relacionar creencias educativas del profesorado con características de&#xd;
personalidad emprendedora y comportamientos docentes, teniendo en cuenta género&#xd;
y años de experiencia. El marco conceptual se relaciona con eficacia y emprendimiento&#xd;
incluyendo tipologías y modelos de análisis de la situación educativa. Diseño transversal&#xd;
con metodología cuantitativa y estudio descriptivo, inferencial y correlacional. La&#xd;
muestra son 640 docentes (31.9% H y 68.1% M). Los instrumentos son el Cuestionario&#xd;
de Personalidad Eficaz (CPE) y el Cuestionario de Creencias del Profesorado (CPP)). Los&#xd;
resultados indican que las medias de las mujeres son superiores a la de los hombres,&#xd;
pero no son significativas; igualmente no son significativas en función de la experiencia.&#xd;
En creencias, existen relaciones significativas entre creencia Humanista con Demandas,&#xd;
Retos y Relaciones del Yo. En género las medias de los hombres son superiores en&#xd;
creencias Tradicionales. En relación con los años de experiencia docente en estas&#xd;
diferencias no son significativas.</subfield>
</datafield>
<datafield tag="520" ind1=" " ind2=" ">
<subfield code="a">The aim is to relate teachers' educational beliefs with entrepreneurial personality&#xd;
characteristics and teaching behaviours, taking into account gender and years of&#xd;
experience. The conceptual framework is related to effectiveness and entrepreneurship,&#xd;
including typologies and models of analysis of the educational situation. Cross-sectional&#xd;
design with quantitative methodology and descriptive, inferential and correlational&#xd;
study. The sample consisted of 640 teachers (31.9% F and 68.1% M). The instruments&#xd;
used were the Efficacy Personality Questionnaire (EPC) and the Teacher Belief&#xd;
Questionnaire (TQQ). The results indicate that women's means are higher than men's,&#xd;
but are not significant; they are also not significant as a function of experience. In beliefs,&#xd;
there are significant relationships between Humanistic beliefs with Demands,&#xd;
Challenges and Self-Relationships. In gender, men's means are higher in Traditional&#xd;
beliefs. In relation to years of teaching experience, these differences are not significant.</subfield>
</datafield>
<datafield tag="024" ind2=" " ind1="8">
<subfield code="a">https://hdl.handle.net/10259/10803</subfield>
</datafield>
<datafield tag="024" ind2=" " ind1="8">
<subfield code="a">10.36443/10259/10803</subfield>
</datafield>
<datafield ind1=" " ind2=" " tag="653">
<subfield code="a">Personalidad eficaz</subfield>
</datafield>
<datafield ind1=" " ind2=" " tag="653">
<subfield code="a">Emprendimiento</subfield>
</datafield>
<datafield ind1=" " ind2=" " tag="653">
<subfield code="a">Profesorado</subfield>
</datafield>
<datafield ind1=" " ind2=" " tag="653">
<subfield code="a">Paradigmas educacionales</subfield>
</datafield>
<datafield ind1=" " ind2=" " tag="653">
<subfield code="a">Effective teacher personality</subfield>
</datafield>
<datafield ind1=" " ind2=" " tag="653">
<subfield code="a">Entrepreneurship</subfield>
</datafield>
<datafield ind1=" " ind2=" " tag="653">
<subfield code="a">Teachers</subfield>
</datafield>
<datafield ind1=" " ind2=" " tag="653">
<subfield code="a">Educational paradigms</subfield>
</datafield>
<datafield tag="245" ind1="0" ind2="0">
<subfield code="a">Relación de la personalidad eficaz/emprendedora del profesorado con sus creencias/paradigmas educacionales y sus comportamientos docentes</subfield>
</datafield>
</record></metadata></record></GetRecord></OAI-PMH>